000 00480nam a2200205Ia 4500
008 210210b2012 xxu||||| |||| 00| 0 eng d
020 _a9788173717604
041 _aeng
082 _a511.5 PIRI
100 _aPIRZADA (S)
245 _aIntroduction to graph theory
260 _aHyderabad
_bUniversity Press
_c2012
300 _aviii,396
650 _ato
650 _atheory
650 _aIntroduction
650 _agraph
690 _aGraph Theory
906 _a068352
999 _c152532
_d152532